01358naa#a2200217#i#4500001001600000005001700016011001400033100004100047101000800088102000700096200026800103210030700371215001100678608004500689675008700734686012900821700005600950700005201006700005801058856002401116RU\\bibl\12163920260511203442.1##a0536-101X##a20251226b2025####ek#y0rusy0150####ca0#aRUS##aRU1#aЭлементы модели оценки качества получаемых геосенсорными сетями пространственно-временных данных об атмосферных явленияхeЖурнальная статья1#aМоскваcФедеральное государственное бюджетное образовательное учреждение высшего образования "Московский государственный университет геодезии и картографии"d2025##a10 с.##aЖурнальная статья2local##aОриентация процесса обработки данных. 004.04zRUS##aТехнические средства обеспечения информационных процессов. 20.532grnti#1aБелышеваgЮлия Владимировна#1aГвоздевgОлег Геннадьевич#1aМатерухинgАндрей Викторович4#amiigaik.editorum.ru